000 00776nam a22001937a 4500
005 20210325185703.0
008 s2545 th tha d
041 _atha
090 _aอศ พ591ม 2545
245 1 0 _aมรณสติ พุทธวิธีต้อนรับความตาย (ที่ระลึกในการพระราชทานเพลิงศพ นายพากเพียร วิริยะพันธุ์ ป.ช., ป.ม.)
260 3 _aม.ป.ท. :
_bม.ป.พ.,
_c2545
300 _a227 หน้า ;
_b 24 ซม.
650 0 4 _aธรรมเทศนา
650 0 4 _aพุทธภาษิต
850 _aNALT
942 _cCRE
997 _c000000000023604
998 _aARUNTHIP
999 _c23604
_d23604